TV Shows by Villain Quiz Stats

 Plays Quiz Updated Dec 28, 2018

Challenge
Share
Tweet
Score 0/20 Timer 05:00
4 Plays Today
% Correct
Mr. Burns - The Simpsons
99%
Eric Cartman - South Park
94.7%
Sue Sylvester - Glee
87.3%
Joffrey Baratheon - Game of Thrones
79.8%
J.R. Ewing - Dallas
76%
Newman - Seinfeld
73.1%
Ben Linus - Lost
58.5%
Shredder - Teenage Mutant Ninja Turtles
54.5%
Lex Luthor - Smallville
48.2%
Sylar - Heroes
45.4%
% Correct
Boss Hogg - The Dukes of Hazzard
44%
Gus Fring - Breaking Bad
43.8%
Amanda Woodward - Melrose Place
38.5%
The Smoking Man - The X-Files
35.5%
Marlo Stanfield - The Wire
35.5%
Number Six - Battlestar Galactica
30.2%
Nina Myers - 24
26.8%
The Master - Doctor Who
23.6%
Russell Edgington - True Blood
22.7%
Victoria Grayson - Revenge
22.2%

You're not logged in!

Compare scores with friends on all Sporcle quizzes.
OR
Log In

You Might Also Like...

Show Comments

Extras

Top Quizzes Today


Score Distribution

Your Account Isn't Verified!

In order to create a playlist on Sporcle, you need to verify the email address you used during registration. Go to your Sporcle Settings to finish the process.

Report this User

Report this user for behavior that violates our Community Guidelines.

Details: